000 00605nam a2200181Ia 4500
008 100920s9999 xx 000 0 und d
082 _b64561
_a891.464 थ 82
100 _aसंपादन-खांडेकर संजीव.
245 _aसंकल्प.
260 _bग्रंथाली, अभिनव वाचक-चळवळ नेहरूनगर मुंबई 24.
_c1982
300 _a304
_bसाधी
365 _b35
520 _aनिबंध.
630 _aसंकल्प.
650 _aनिबंध.
730 _aसंकल्प.
942 _cBOOK
999 _c707562
_d707559